Braunwald's Heart Disese : (Record no. 35686)
[ view plain ]
| 000 -LEADER | |
|---|---|
| fixed length control field | 00605nam a22002177a 4500 |
| 005 - DATE AND TIME OF LATEST TRANSACTION | |
| control field | 20240506090505.0 |
| 008 - FIXED-LENGTH DATA ELEMENTS--GENERAL INFORMATION | |
| fixed length control field | 240506b |||||||| |||| 00| 0 eng d |
| 020 ## - INTERNATIONAL STANDARD BOOK NUMBER | |
| ISBN | 9788131239971 |
| 082 ## - DEWEY DECIMAL CLASSIFICATION NUMBER | |
| Classification number | 616.12 |
| Item number | BRA-B |
| 100 ## - MAIN ENTRY--AUTHOR | |
| Author Name | Braunwald's |
| 245 ## - TITLE STATEMENT | |
| Title | Braunwald's Heart Disese : |
| Remainder of title | A textbook of Cardiovascular Meddicine / |
| Statement of responsibility, etc. | Braunwald's, Mann, Zipes, Libby |
| 250 ## - EDITION STATEMENT | |
| Edition statement | 10th ed. |
| 260 ## - PUBLICATION, DISTRIBUTION, ETC. | |
| Place of Publication | india : |
| Name of publisher, distributor, etc. | Reed : |
| Date of publication, distribution, etc. | 2015. |
| 300 ## - PHYSICAL DESCRIPTION | |
| Pages | xiii.1943p. |
| 490 ## - SERIES STATEMENT | |
| Volume | vol 2. |
| 500 ## - GENERAL NOTE | |
| General note | Include index . |
| 650 ## - SUBJECT ADDED ENTRY--TOPICAL TERM | |
| Subject / Department | Medical / Rediology |
| 700 ## - ADDED ENTRY--PERSONAL NAME | |
| Personal name | Mann, |
| 700 ## - ADDED ENTRY--PERSONAL NAME | |
| Personal name | Zipes, |
| 300 ## - PHYSICAL DESCRIPTION | |
| -- | ill; |
| -- | 27cm. |
| 952 ## - LOCATION AND ITEM INFORMATION (KOHA) | |
| -- | 0 |
| -- | 0 |
| 952 ## - LOCATION AND ITEM INFORMATION (KOHA) | |
| -- | 0 |
| -- | 0 |
| 952 ## - LOCATION AND ITEM INFORMATION (KOHA) | |
| -- | 0 |
| -- | 0 |
| 952 ## - LOCATION AND ITEM INFORMATION (KOHA) | |
| -- | 0 |
| -- | 0 |
| Lost status | Damaged status | Collection code | Permanent Location | Current Location | Shelving Location | Date acquired | Full Call Number | Accession No./Barcode | Date last seen | Copy number | item type | Koha item type |
|---|---|---|---|---|---|---|---|---|---|---|---|---|
| Medical | Superior Information Resource Center (SIRC) Superior University- Main Campus | Superior Information Resource Center (SIRC) Superior University- Main Campus | Radiology | 05/06/2024 | 616.12 BRA-B 2015 | 12625 | 05/06/2024 | 1 | BOOK | BOOK | ||
| Medical | Superior Information Resource Center (SIRC) Superior University- Main Campus | Superior Information Resource Center (SIRC) Superior University- Main Campus | Radiology | 05/06/2024 | 616.12 BRA-B 2015 | 12627 | 05/06/2024 | 2 | BOOK | BOOK | ||
| Medical | Superior Information Resource Center (SIRC) Superior University- Main Campus | Superior Information Resource Center (SIRC) Superior University- Main Campus | Radiology | 05/06/2024 | 616.12 BRA-B 2015 | 12628 | 05/06/2024 | 3 | BOOK | BOOK | ||
| Medical | Superior Information Resource Center (SIRC) Superior University- Main Campus | Superior Information Resource Center (SIRC) Superior University- Main Campus | Radiology | 05/06/2024 | 616.12 BRA-B 2015 | 12632 | 05/06/2024 | 4 | BOOK | BOOK |
